000 00321nam a22001457a 4500
008 210526b ||||| |||| 00| 0 eng d
020 _a0231043074
041 _aeng
080 _a61
082 _a61
100 _a3
101 _aSHM
245 _aEthical Issues in Death and Dying
_cRobert F. Weir
942 _2udc
_cBK
999 _c57662
_d57662